000
00224nam a22000977a 4500
082
_a
894.812.3
_b
H&C/K
245
_a
KOZHIYUM KURUKKANUM
260
_a
THRISSUR
_b
H&C PUBLISHING HOUSE
650
_a
SHORT STORY
_z
KERALA
942
_c
BK
999
_c
1266
_d
1266